|
|
|
|
| LEADER |
00000nam a22000007a 4500 |
| 005 |
20220720222215.0 |
| 007 |
cr|||| |||| |
| 008 |
220720s2018 br |||||s|||| 00||0 por d |
| 020 |
|
|
|a 978-85-93741-22-7
|
| 035 |
|
|
|a 36770
|
| 040 |
|
|
|a vLex
|
| 090 |
|
|
|c 13636
|d 13636
|
| 100 |
1 |
|
|a de Moraes Mello, Cleyson
|
| 245 |
1 |
0 |
|a Direito e(m) Verdade
|h [Recurso electrn̤ico] :
|b Os Novos Caminhos da Hermenůtica Jurd̕ica /
|c Cleyson de Moraes Mello
|
| 250 |
|
|
|a 3ra. Edicin̤
|
| 256 |
|
|
|a Servicio en ln̕ea
|
| 260 |
|
|
|a Rio de Janeiro:
|b Editora Processo,
|c 2018
|
| 300 |
|
|
|a 1 recurso electrn̤ico
|
| 500 |
|
|
|a Esta obra denominada Direito e(m) Verdade procura estabelecer uma relaȯ̂ entre os enunciados da norma jurd̕ica com a questô da verdade ao nv̕el das condiė̳s existenciais de possibilidade. A questô da essn̊cia do direito pertence necessariamente ao modo de ser de sua verdade e desvelamento. No horizonte da interpretaȯ̂ do direito, os enunciados da norma jurd̕ica somente podem ser inteiramente compreendidos quando a verdade tem sua origem na sua abertura. Logo, o discurso jurd̕ico pertence essencialmente ̉abertura do ser-a ̕(da-sein, ser-no-mundo).
|
| 506 |
1 |
|
|a Disponible solo en los productos indicados
|d vLex Global
|d vLex Global (Academic Edition, excluding Law Schools)
|d vLex Global (U.S. Academic Edition, Law Schools)
|d vLex Global (U.S. Academic Edition, excluding Law Schools)
|d vLex Global (Academic Edition, Law Schools)
|
| 650 |
0 |
4 |
|a Derecho Militar
|z Brasil
|
| 650 |
0 |
4 |
|a Filosofa̕ y religin̤
|z Brasil
|
| 740 |
0 |
|
|a vLex Libros (Servicio en ln̕ea)
|
| 856 |
4 |
0 |
|u https://app.vlex.com/#/sources/36770
|z Acceso restringido
|
| 942 |
|
|
|c BOOK
|
| 999 |
0 |
|
|a Military Law
|
| 999 |
0 |
|
|a Philosophy and religion
|